000 00591nam a2200205 4500
003 LK-CoMWRAF
005 20230910063815.0
008 230910b2020 |||||||| |||| 00| 0 eng d
040 _aLK-CoMWRAF
_dLK-CoMWRAF
_eLK-CoMWRAF
041 _aeng
082 _a346.016
_bZAC
100 _aZackariya, Faizun
245 _aA Woman's right to be a Quazi judge in Sri Lanka
260 _aColombo :
_bMuslim women’s research and action forum,
_c2020
490 _aRe-reading verse 4:43
650 _aQuazi
650 _aMuslim women-Marriage
650 _aMuslim women-Sri Lanka
942 _cBK
999 _c3526
_d3526